000 00572nam a2200193Ia 4500
003 GCL
008 140319s9999 xx 000 0 ara d
040 _aGCL /
_cGCL
082 0 4 _a191
_bز ت
100 1 _aزكى نجيب محمود
245 1 0 _aتجديد الفكر العربى /
_cزكى نجيب محمود
250 _aالتاسعة
260 _aالقاهرة :
_bدار الشروق ،
_c1993
300 _a386 ص ؛
_c20 سم
490 _a100 قصة
_v0
650 0 4 _aالفكر العربى
650 0 4 _aالفكر الفلسفى
942 _2ddc
_cBK
999 _c46503
_d46503